00386nam a2200133Ia 4500008004100000020001800041041001200059082001900071100002900090245007900119250001200198260002900210300001300239231221s9999 xx 000 0 und d a9780000000000 aEnglish a658.409 LAF;1 aLafley, A G. Charan Ram. 0aGame-changer : how you can drive revenue and profit growth with innovation a1st ed. c2008bPengwinaNew Delhi axii, 336